| 000 | 00439nam a2200157 i 4500 | ||
|---|---|---|---|
| 001 | bg | ||
| 100 | 1 | _aFERRIER, Jacques | |
| 245 | 0 |
_aO naukowym administrowaniu / _cJacques Ferrier ; tł. [z franc.] Witold Jastrzębowski. |
|
| 260 |
_aWarszawa : _bPaństwowe Wydaw. Ekonomiczne, _c1974. |
||
| 300 |
_a410 s. : _brys. |
||
| 040 | _cBPK | ||
| 041 | _apol | ||
| 080 | _a351/354 | ||
| 942 | _cKS | ||
| 008 | s pl f |000 0 pol | ||
| 999 |
_c16142 _d16142 |
||
| 856 |
_uhttp://koha.tu.koszalin.pl/cgi-bin/koha/opac-detail.pl?biblionumber=16142 _yKatalog online BPK |
||